Bando general de buen gobierno para la villa de Gracia / [Juan Canals]
Descripción Física:
23 p. ; 25 cm
Materias:
Ordenances municipals -- Barcelona
MARC
| LEADER | 00000nam a2200000Ia 4500 | ||
|---|---|---|---|
| 001 | 16085 | ||
| 008 | 160829s1851 xx 000 0 cat d | ||
| 080 | |a 856, exp. 4 | ||
| 100 | |a Canals, Juan |9 48633 | ||
| 245 | |a Bando general de buen gobierno para la villa de Gracia / [Juan Canals] | ||
| 260 | |a Barcelona : |b Impr. de Francisco Sánchez, |c 1851 | ||
| 300 | |a 23 p. ; |c 25 cm | ||
| 590 | |a Hi ha un duplicat a: 935, exp. 24 partit judicial de Barcelona | ||
| 650 | |a Ordenances municipals |x Barcelona |9 20439 | ||
| 901 | |a Arxiu | ||
| 942 | |n 1 | ||
| 952 | |0 0 |1 0 |4 0 |6 856_EXP_4 |7 1 |9 54714 |a Arxiu |b Arxiu |d 2016-12-01 |l 0 |o 856, exp. 4 |p 16085 |r 2016-12-01 00:00:00 |w 2016-12-01 |y ARXIU | ||
| 999 | |c 58583 |d 58583 | ||